LEADER 02442nam a2200301 i 4500 001 000000024631 003 CaOOAMICUS 005 20241125140140.0 008 180830s19992018it u000 u ita u 040 $aSeMil$bita 100 1 $aColom, Enrique.$0(OLS)http://semarc/name/10899 245 10$aScelti in Cristo per essere santi /$cEnrique Colom, Angel Rodríguez Luņo. 264 1$aRoma :$bApollinare Studi,$c1999-2018. 300 $a4 v. ;$c24 cm. 490 1 $aSussidi di teologia / Facoltā di teologia della Pontificia Universitā della Santa Croce 500 $aOpera in 4 volumi con successive riedizioni e revisioni 650 4$aTeologia morale fondamentale - Manuali.$0(OLS)http://semarc/subject/722 700 1 $aRodríguez Luņo, Angel.$0(OLS)http://semarc/name/10900 774 0 $aColom, Enrique$t1: Elementi di morale fondamentale.$dRoma : Apollinare Studi, 1999.$kSussidi di teologia / Facoltā di teologia della Pontificia Universitā della Santa Croce$z88-8333-011-0$g1$w()77079 774 0 $aColom, Enrique$t1: Elementi di teologia morale fondamentale.$dRoma : Pontificia Universitā della Santa Croce, 2003.$b3. ed.$kSussidi di teologia / Facoltā di teologia della Pontificia Universitā della Santa Croce$z88-8333-086-2$g1$w()161360 774 0 $aColom, Enrique$t1: Morale fondamentale.$dRoma : Edusc, 2023.$b4. ed. riveduta$kSussidi di teologia / Facoltā di teologia della Pontificia Universitā della Santa Croce$z979-1-254-82167-1$g1$w()356215 774 0 $aGalván, José Maria$t2: Morale teologale.$dRoma : Edusc, 2018.$kSussidi di teologia / Facoltā di teologia della Pontificia Universitā della Santa Croce$z978-88-8333-731-4$g2$w()332217 774 0 $aRodríguez Luņo, Angel$t3: Morale speciale.$dRoma : Pontificia Universitā della Santa Croce, 2008.$kSussidi di teologia / Facoltā di teologia della Pontificia Universitā della Santa Croce$z978-88-8333-195-4$g3$w()199607 774 0 $aColom, Enrique$tMorale sociale.$dRoma : Edusc, 2008.$kSussidi di teologia / Facoltā di teologia della Pontificia Universitā della Santa Croce$z978-88-8333-196-1$g4$w()199609 830 0$aSussidi di teologia / Facoltā di teologia della Pontificia Universitā della Santa Croce.$0(OLS)http://semarc/title/5920 996 $6245$aScelti in Cristo per essere santi$9(OLS)http://semarc/title/446470 996 $6264$aRoma :$bApollinare Studi$9(OLS)http://semarc/publisher/36219 LEADER 01535nam a2200313 i 4500 001 000000179776 003 CaOOAMICUS 005 20251001142741.0 008 100205s2009 it u000 u ita u 013 $a157382 020 $a978-88-7152-968-4 040 $aSeMil$bita 100 1 $aDelbręl, Madeleine,$d<1904-1964>.$0(OLS)http://semarc/name/8143 240 10$aProfession assistante sociale.$0(OLS)http://semarc/title/258120 245 10$a3: Professione assistente sociale :$bscritti professionali /$cMadeleine Delbręl ; presentazione di Andrea Riccardi ; introduzione e conclusione di Claude Langlois ; [trad. di Luca Poggi]. 264 1$aMilano :$bGribaudi,$c2009. 300 $a304 p. :$bill. ;$c21 cm. 650 4$aServizi sociali.$0(OLS)http://semarc/subject/17978 700 1 $aPoggi, Luca.$0(OLS)http://semarc/name/65212 700 1 $aLanglois, Claude.$0(OLS)http://semarc/name/66625 700 1 $aRiccardi, Andrea,$d<1950- >.$0(OLS)http://semarc/name/11768 773 0 $aDelbręl, Madeleine <1904-1964>$tOpera omnia.$dMilano : Gribaudi, 2007-$g3$w()17965 850 $aSeMil 852 $aSeMil$W1$xVenegono$y1$m2MA D 3$j253526$B130534$CSeMilBibl$Z2$F147682 $81 961 $aSottoscrizione: Cittā Nuova (Agente) 996 $6020$a978-88-7152-968-4$9(OLS)http://semarc/number/168997 996 $6245$a3: Professione assistente sociale :$bscritti professionali$9(OLS)http://semarc/title/258119 996 $6264$aMilano :$bGribaudi$9(OLS)http://semarc/publisher/31240